Annual report of the Commissioner of Water Resources /

שמור ב:
מידע ביבליוגרפי
כותר חדש:Queensland. Dept. of Primary Industries. Annual report
הכותר הקודם:Queensland. Irrigation and Water Supply Commission Annual report
מחבר תאגידי: Queensland Water Resources Commission
פורמט: כתב-עת
שפה:English
יצא לאור: [Brisbane] : The Commission, 1979-1990.
סדרה:Parliamentary paper (Queensland. Parliament) ;
נושאים:
LEADER 01713nas a2200421 a 4500
001 c000156700
003 CARM
005 20020205155429.0
008 810504d19791990qeaar p s0uuu 0eng d
010 |a 81641173 
019 1 |a 2027139  |5 LACONCORD2021 
022 0 |a 0157-0196 
035 |a (OCoLC)7387275  |5 LACONCORD2021 
040 |d NU  |d VU 
042 |a lc 
043 |a u-at-qn 
082 1 |a 354.9430082/325/06 
110 2 0 |a Queensland Water Resources Commission. 
245 1 0 |a Annual report of the Commissioner of Water Resources /  |c Queensland Water Resources Commission. 
246 1 4 |a Annual report. 
260 0 0 |a [Brisbane] :  |b The Commission,  |c 1979-1990. 
300 |a 10 v. :  |b ill. ;  |c 30 cm. 
310 |a Annual 
362 0 |a 1978/1979-1989/90 
490 1 |a Parliamentary papers / Queensland, Parliament 
515 |a Report year ends June 30. 
525 |a 1987-1988 annual report appendices issued as a supplement. 
610 2 0 |a Queensland Water Resources Commission  |x Periodicals. 
650 0 |a Water-supply  |z Queensland  |x Periodicals. 
650 0 |a Irrigation  |z Queensland  |x Periodicals. 
780 0 0 |a Queensland. Irrigation and Water Supply Commission  |t Annual report  |w (atABN)1962629 
785 0 4 |a Queensland. Dept. of Primary Industries.  |t Annual report  |w (atABN)1051604 
830 0 |a Parliamentary paper (Queensland. Parliament) ; 
852 8 |b CARM  |h A2:AB27E2  |i D00979  |p 0045110  |f SE 
866 0 |a 1978/1979-1988/1989 
866 0 |a 1978/1979-1988/1989 
999 f f |i 64b6cbf5-eb1e-57b8-bcaa-486cbc863020  |s efd99a1e-5324-5c69-9303-b0e5d47f4b46 
952 f f |p Can circulate  |a CAVAL  |b CAVAL  |c CAVAL  |d CARM 1 Store  |e D00979  |f A2:AB27E2  |h Other scheme  |i book  |k  1978/79-1988/89 and appendices 1987-1988  |m 0045110